000 00543nam a2200157 a 4500
001 BRCA_1213
005 20190320203330.0
008 230908s1990----mx-a---###---#000-0#spa-#
050 4 _aND150
_b.M34 1990
245 1 0 _aMaestros europeos en las galerías de San Carlos de México.
260 _aMéxico
_bFondo Editorial de la Plástica Mexicana
_c[1990]
300 _a11 p.
_bil. a color, 50 láminas
_c35 cm.
610 2 4 _aMuseo de San Carlos (Ciudad de México)
_xColecciones de arte
_93989
650 1 4 _aPintores europeos
_93990
942 _2lcc
_cB
999 _c1086
_d1086